000
00266nam a22001217a 4500
008
180914b xxu||||| |||| 00| 0 eng d
041
_a
eng
080
_a
821
100
_a
21
101
_a
GJL
245
_a
Experience and Expression
_c
Kimmey, J.L
942
_2
udc
_c
BK
999
_c
47788
_d
47788